| 000 | 00433nam a2200205Ia 4500 | ||
|---|---|---|---|
| 008 | 210210b1796 xxu||||| |||| 00| 0 eng d | ||
| 041 | _aeng | ||
| 082 | _a942/114 | ||
| 100 | _aHUME (D) | ||
| 245 | _aHistory of England Vol III | ||
| 260 |
_aLondon _b- _c1796 |
||
| 440 | _a3 | ||
| 650 | _aVol | ||
| 650 | _aof | ||
| 650 | _aII | ||
| 650 | _aHistory | ||
| 650 | _aEngland | ||
| 690 | _aEuropean History | ||
| 906 | _a025522 | ||
| 999 |
_c151402 _d151402 |
||